| 000 | 00000nam##2200000za#4500 |
| 001 | 9.571565 |
| 003 | CaOODSP |
| 005 | 20211126112844 |
| 007 | cr ||||||||||| |
| 008 | 150406|2001||||xxc|||||o f|0| 0 eng|d |
| 022 | |a1701-9397 |
| 040 | |aCaOODSP|beng |
| 043 | |an-cn--- |
| 086 | 1 |aFB3-2/101-10E-PDF |
| 110 | 2 |aBank of Canada. |
| 245 | 14|aThe future prospects for national financial markets and trading centres / |h[electronic resource]|cby Charles Gaa ... [et al.]. |
| 260 | |aOttawa - Ontario : |bBank of Canada |cJune 2001. |
| 300 | |a47p.|bfig., references, tables |
| 490 | 1 |aBank of Canada working paper|x1701-9397|v2001-10 |
| 500 | |a"This paper investigates the effects of the continuation of globalization and technological developments on the future of national-level financial markets and trading centres, particularly in smaller countries such as Canada"--Abstract. |
| 500 | |aThe ISSN (1192-5434) for the print edition has been incorrectly copied in this electronic publication. |
| 520 | 3 |aThis paper investigates the effects of the continuation of globalization and technological developments on the future of national-level financial markets and trading centres, particularly in smaller countries such as Canada--Abstract |
| 546 | |aRésumé en français. |
| 590 | |a11-19-Supp|b2011-09-23 |
| 690 | 07|aStock markets|2gcpds |
| 690 | 07|aEconomic trends|2gcpds |
| 720 | 1 |aGaa, Charles |
| 776 | 0#|tThe future prospects for national financial markets and trading centres / |w(CaOODSP)9.615683 |
| 830 | #0|aWorking paper (Bank of Canada)|x1701-9397|v2001-10|w(CaOODSP)9.504604 |
| 856 | 40|ahttp://publications.gc.ca|qPDF|s170 KB|uhttps://publications.gc.ca/collections/Collection/FB3-2-101-10E.pdf|y2001-10 |